| 000 | 01010cam a2200289 i 4500 | ||
|---|---|---|---|
| 999 |
_c6085 _d6085 |
||
| 001 | .b16575969 | ||
| 003 | OSt | ||
| 005 | 20260205150136.0 | ||
| 008 | 240115t20022001enk 000 1 eng d | ||
| 020 | _a9780099421863 | ||
| 040 |
_aTWWZU _beng _erda _cTWWZU _dTWWZU _dKH8 |
||
| 042 | _anbic | ||
| 082 | _aFIC RUS | ||
| 100 | 1 |
_aRushdie, Salman, _eauthor. |
|
| 245 | 1 | 0 |
_aFury : _ba novel / _cSalman Rushdie. |
| 264 | 1 |
_aLondon : _bVintage Books, _c[2002] |
|
| 264 | 4 | _c©2001. | |
| 300 |
_a259 pages ; _c20 cm. |
||
| 336 |
_atext _btxt _2rdacontent. |
||
| 337 |
_aunmediated _bn _2rdamedia. |
||
| 338 |
_avolume _bnc _2rdacarrier. |
||
| 520 | _aMalik Solanka, a middle-aged ex-philosophy professor and millionaire creator of a hugely popular doll, seeks refuge from his unwanted fame and disintegrating marriage in New York City. | ||
| 650 | 0 |
_aAnger _vFiction. |
|
| 651 | 0 |
_aNew York (N.Y.) _xSocial life and customs _y20th century _vFiction. |
|
| 655 | 7 |
_aBlack humor (Literature) _2gsafd. |
|
| 942 |
_2ddc _cFIC |
||